书目信息 |
| 题名: |
凡是我所爱的人
|
|
| 作者: | 巫昂 著 | |
| 分册: | ||
| 出版信息: | 南京 江苏凤凰文艺出版社 2024.09 |
|
| 页数: | 106页 | |
| 开本: | 21cm | |
| 丛书名: | 中国桂冠诗丛 | |
| 单 册: | ||
| 中图分类: | I227.1 | |
| 科图分类: | ||
| 主题词: | 新诗--诗集--中国--当代 | |
| 电子资源: | ||
| ISBN: | 978-7-5594-8748-3 | |
| 000 | 00707nam0 2200253 450 | |
| 001 | 013233572 | |
| 005 | 20251022112124.39 | |
| 010 | @a978-7-5594-8748-3@dCNY52.00 | |
| 100 | @a20241108d2024 em y0chiy0120 ea | |
| 101 | 0 | @achi |
| 102 | @aCN@b320000 | |
| 105 | @ay z 000gy | |
| 106 | @ar | |
| 200 | 1 | @a凡是我所爱的人@9fan shi wo suo ai de ren@f巫昂著 |
| 210 | @a南京@c江苏凤凰文艺出版社@d2024.09 | |
| 215 | @a106页@d21cm | |
| 225 | 1 | @a中国桂冠诗丛@h第四辑 |
| 300 | @a磨铁读诗会 | |
| 461 | 0 | @12001 @a中国桂冠诗丛 |
| 606 | 0 | @a新诗@x诗集@y中国@z当代 |
| 690 | @aI227.1@v5 | |
| 701 | 0 | @a巫昂@9wu ang@f(1974~)@4著 |
| 801 | 0 | @aCN@c20250911 |
| 905 | @a河南城建学院图书馆@dI227.1@eW728@ZW728@f1 | |
| 凡是我所爱的人/巫昂著.-南京:江苏凤凰文艺出版社,2024.09 |
| 106页;21cm.-(中国桂冠诗丛.第四辑) |
| 磨铁读诗会 |
| ISBN 978-7-5594-8748-3:CNY52.00 |
| ● |
| 相关链接 |
|
|
|
正题名:凡是我所爱的人
索取号:I227.1/W728
 
预约/预借
| 序号 | 登录号 | 条形码 | 馆藏地/架位号 | 状态 | 备注 |
| 1 | 1635729 | 216357298 | 文学库108/108文学库 19排2列2层/ [索取号:I227.1/W728] | 在馆 |